Países que producen más fresas - Estadísticas

Estadísticas generales
  • Esta prueba ha sido intentada 60 veces
  • La puntuación promedio es 15 de 20
Estadísticas de respuestas
1000 tonnes país % Correcto
3717 China
98%
360 España
97%
59 Francia
97%
1449 Estados Unidos
95%
125 Italia
93%
658 México
88%
135 Alemania
86%
59 Grecia
81%
176 Rusia
81%
128 Reino Unido
79%
159 Japón
78%
162 Marruecos
78%
400 Turquía
76%
178 Polonia
71%
407 Egipto
66%
59 Colombia
64%
66 Países Bajos
64%
210 Corea del Sur
53%
56 Irán
48%
80 Bielorrusia
14%
No se encontraron pruebas coincidentes
Distribución de puntuación
Porcentaje de gente con cada puntuación
Porcentaje por número respondido
Historial de tus puntuaciones
No has intentado esta prueba.